000 00632nam a22002177a 4500
005 20190522154454.0
008 190308b xxu||||| |||| 00| 0 eng d
020 _a8126115920
_cRs.1500.00
040 _aLoreto College
041 _aEnglish
082 _a342.95492
_bSIN
245 _aBangladesh constitution, law and justice
_cEdited by Nagendra Kr. Singh
260 _aNew Delhi
_bAnmol Publication
_c2003
300 _a310 p.
_b24 cm.
440 _aEncyclopaedia of Bangladesh
504 _aIncludes index
650 _aBangladesh- Constitution
700 _4ed.
_aSingh, Nagendra Kr.
850 _aLCLIB
942 _cBK
999 _c41976
_d92455